La Patagonia rebelde

Basada en el libro Los vengadores de la Patagonia trágica de Osvaldo Bayer. La película recrea el fusilamiento de los obreros del campo patagónico en 1921-22 a manos del Ejército Argentino enviado por el entonces presidente constitucional Hipólito Yrigoyen. -- En 1920, unos obreros de la Patagonia A...

Descripción completa

Guardado en:
Autor Principal: Olivera, Héctor.
Autor Corporativo: Aries Cinematográfica Argentina.
Otros Autores: Ayala, Fernando; Produccción y guion., Bayer, Osvaldo; Guion., Olivera, Héctor; Guion., Alterio, Héctor; Reparto., Brandoni, Luis; Reparto., Luppi, Federico; Reparto., Soriano, Pepe; Reparto., Terranova, Osvaldo; Reparto., Gutiérrez, José María; Reparto., Aleandro, Pedro; Reparto., Tacholas; Reparto.
Formato: Deslizar
Idioma:Undetermined
Publicado: Argentina : Aries Cinematográfica Argentina, 1974.
Materias:
Etiquetas: Agregar Etiqueta
Sin Etiquetas, Sea el primero en etiquetar este registro!
LEADER 01869ngm a22003375a 4500
001 CEM.cems020116
008 230517s1974####xx#---############vlund#d
005 20230517204025.0
245 1 0 |a La Patagonia rebelde  |h [videograbación] /  |c Héctor Olivera. 
260 |a Argentina :  |b Aries Cinematográfica Argentina,  |c 1974. 
300 |a 103'. 
520 |a Basada en el libro Los vengadores de la Patagonia trágica de Osvaldo Bayer. La película recrea el fusilamiento de los obreros del campo patagónico en 1921-22 a manos del Ejército Argentino enviado por el entonces presidente constitucional Hipólito Yrigoyen. -- En 1920, unos obreros de la Patagonia Argentina, agrupados en sociedades anarquistas y socialistas, deciden hacer una huelga exigiendo mejoras laborales. Entre los trabajadores hay numerosos emigrantes europeos que influyen ideológicamente en sus compañeros. La situación se hace insostenible y el gobierno de Yrigoyen manda, desde Buenos Aires, al teniente coronel Zavala para que restablezca el orden. 
538 |a Soporte: DVD -- Formato: DVD – Peso: 4.37gb -- Resolución: 720 x 480 -- 29.97fps 
590 |a Identificación anterior: 38 
100 1 |a Olivera, Héctor. 
700 1 |a Ayala, Fernando; Produccción y guion. 
700 1 |a Bayer, Osvaldo; Guion. 
700 1 |a Olivera, Héctor; Guion. 
700 1 |a Alterio, Héctor; Reparto. 
700 1 |a Brandoni, Luis; Reparto. 
700 1 |a Luppi, Federico; Reparto. 
700 1 |a Soriano, Pepe; Reparto. 
700 1 |a Terranova, Osvaldo; Reparto. 
700 1 |a Gutiérrez, José María; Reparto. 
700 1 |a Aleandro, Pedro; Reparto. 
700 1 |a Tacholas; Reparto. 
710 2 |a Aries Cinematográfica Argentina. 
653 |a LARGOMETRAJE 
653 |a HISTÓRICA 
653 |a ARGENTINA 
859 |a CEMS  |b BIB. CEMS - Depto. Recursos Didacticos  |h 778.5  |i OLI  |k DRD  |p 2996.23  |t Ej.1